000 00352 a2200109 4500
001 ART_11701
005 20260410161859.0
008 260409a
245 1 0 _aPrice changes and optimum taxation in a many-consumer economy
100 1 _aDixit, Avinash
773 0 _tJournal of public economics
_g- Vol. 11, NÂș 2 (abr. 1979)
_wREV11485
999 _c25752
_d25752